000 00475nam a2200169Ia 4500
003 GCL
008 140319s9999 xx 000 0 eng d
020 _a7501225877
040 _aGCL /
_cGCL
082 0 4 _a327.51
_bM C
245 1 0 _aCHINA'S FOREIGN AFFAIRS 2005
260 _aالصين :
_bWORLD AFFAIRS PRESS ،
_c2005
300 _a24 CM ؛
_c646 P
650 0 4 _aCHINA - FOREIGN RELATIONS
650 0 4 _aCHINA - DEVELOPING COUNTRIES - FOREIGN RELATIONS
942 _2ddc
_cBK
999 _c9084
_d9084